Sports Quiz

Random Sports or NBA Quiz

2016-17 NBA Daily Points Leaders Quiz Stats

 Plays Quiz not verified by Sporcle

Challenge
Share
Tweet
Embed
Score 0/176 Timer 06:00
0 Plays Today
Date Player % Correct
1-28-17Stephen Curry
99.3%
2-4-17Stephen Curry
99.3%
11-7-16Stephen Curry
99.3%
11-10-16Stephen Curry
99.3%
11-16-16Stephen Curry
99.3%
11-26-16Stephen Curry
99.3%
1-4-17Stephen Curry
99.3%
2-23-17Stephen Curry
99.3%
10-28-16Russell Westbrook
99.3%
11-25-16Russell Westbrook
99.3%
12-11-16Russell Westbrook
99.3%
12-19-16Russell Westbrook
99.3%
12-21-16Russell Westbrook
99.3%
12-23-16Russell Westbrook
99.3%
1-5-17Russell Westbrook
99.3%
2-28-17Russell Westbrook
99.3%
3-2-17Russell Westbrook
99.3%
3-3-17Russell Westbrook
99.3%
2-11-17Russell Westbrook
99.3%
3-7-17Russell Westbrook
99.3%
1-15-17Russell Westbrook
99.3%
1-26-17Russell Westbrook
99.3%
3-14-17Stephen Curry
99.3%
2-5-17Russell Westbrook
99.3%
4-9-17Russell Westbrook
99.3%
3-26-17Russell Westbrook
99.2%
3-27-17Russell Westbrook
99.2%
3-29-17Russell Westbrook
99.2%
4-5-17Russell Westbrook
99.2%
1-9-17Anthony Davis
99.1%
10-26-16Anthony Davis
99.1%
11-18-16Anthony Davis
99.1%
11-19-16Anthony Davis
99.1%
11-23-16Anthony Davis
99.1%
11-29-16Anthony Davis
99.1%
12-4-16Anthony Davis
99.1%
2-25-17Anthony Davis
99.1%
4-4-17Anthony Davis
99.1%
10-30-16Kevin Durant
99.1%
11-3-16Kevin Durant
99.1%
12-1-16Kevin Durant
99.1%
12-25-16Kevin Durant
99.1%
1-18-17Kevin Durant
99.1%
1-20-17Kevin Durant
99.1%
2-10-17Anthony Davis
99.1%
3-1-17Anthony Davis
99.1%
3-11-17Anthony Davis
99.1%
3-12-17Damian Lillard
99%
3-14-17Damian Lillard
99%
4-8-17Damian Lillard
99%
11-1-16James Harden
99%
12-12-16James Harden
99%
12-26-16James Harden
99%
12-27-16James Harden
99%
12-31-16James Harden
99%
1-8-17James Harden
99%
3-19-17Damian Lillard
99%
1-17-17James Harden
99%
1-27-17James Harden
99%
Date Player % Correct
1-13-17Damian Lillard
99%
2-2-17James Harden
99%
3-6-17James Harden
99%
2-3-17James Harden
99%
3-8-17James Harden
99%
3-17-17James Harden
98.9%
3-18-17James Harden
98.9%
3-20-17James Harden
98.9%
10-25-16Damian Lillard
98.9%
10-29-16Damian Lillard
98.9%
11-4-16Damian Lillard
98.9%
11-8-16Damian Lillard
98.9%
12-7-16Damian Lillard
98.9%
12-15-16Damian Lillard
98.9%
1-30-17DeMarcus Cousins
98.1%
1-21-17DeMarcus Cousins
98.1%
10-27-16DeMarcus Cousins
98.1%
11-18-16DeMarcus Cousins
98.1%
11-28-16DeMarcus Cousins
98.1%
12-20-16DeMarcus Cousins
98.1%
2-24-17DeMar DeRozan
98.1%
2-27-17DeMar DeRozan
98.1%
1-10-17DeMar DeRozan
98%
10-31-16DeMar DeRozan
98%
11-2-16DeMar DeRozan
98%
12-16-16DeMar DeRozan
98%
3-21-17DeMar DeRozan
98%
3-31-17DeMar DeRozan
98%
12-10-16LeBron James
98%
3-23-17DeMar DeRozan
97.9%
11-9-16Jimmy Butler
97.8%
11-12-16Jimmy Butler
97.8%
11-20-16Jimmy Butler
97.8%
11-22-16Jimmy Butler
97.8%
12-28-16Jimmy Butler
97.8%
1-2-17Jimmy Butler
97.8%
1-7-17Jimmy Butler
97.8%
1-11-17Isaiah Thomas
97.7%
1-16-17Isaiah Thomas
97.7%
2-1-17Isaiah Thomas
97.7%
2-16-17Jimmy Butler
97.7%
12-6-16John Wall
97.7%
3-9-17LeBron James
97.7%
11-27-16Kyrie Irving
97.7%
12-29-16Kyrie Irving
97.7%
1-23-17Kyrie Irving
97.7%
2-17-17Isaiah Thomas
97.6%
11-14-16Isaiah Thomas
97.6%
12-30-16Isaiah Thomas
97.6%
3-5-17Isaiah Thomas
97.6%
3-25-17John Wall
97.5%
4-3-17Karl-Anthony Towns
97.2%
1-19-17Karl-Anthony Towns
97.1%
3-13-17Karl-Anthony Towns
97.1%
12-5-16Klay Thompson
96.9%
11-5-16Karl-Anthony Towns
96.8%
11-30-16Karl-Anthony Towns
96.8%
12-17-16Karl-Anthony Towns
96.8%
4-4-17Klay Thompson
96.6%
Date Player % Correct
12-2-16Carmelo Anthony
96.1%
3-24-17Devin Booker
96%
3-30-17Devin Booker
96%
1-3-17Paul George
95.9%
4-12-17Paul George
95.9%
3-15-17Paul George
95.9%
3-22-17Paul George
95.8%
2-14-17Andrew Wiggins
95.8%
2-15-17Andrew Wiggins
95.8%
1-24-17Andrew Wiggins
95.8%
1-29-17Carmelo Anthony
95.8%
4-2-17Paul George
95.8%
4-6-17Andrew Wiggins
95.7%
11-13-16Andrew Wiggins
95.6%
11-17-16Andrew Wiggins
95.6%
1-6-17Andrew Wiggins
95.6%
3-10-17Bradley Beal
95.5%
2-6-17Bradley Beal
95.4%
1-24-17Bradley Beal
95.3%
11-21-16Bradley Beal
95.1%
12-18-16Bradley Beal
95.1%
1-20-17Kemba Walker
95%
11-11-16Kemba Walker
94.6%
1-14-17Devin Booker
94.4%
1-12-17Devin Booker
94.4%
2-12-17Kawhi Leonard
94%
3-4-17Kawhi Leonard
94%
2-8-17Kawhi Leonard
94%
3-6-17Kawhi Leonard
94%
1-31-17Kawhi Leonard
94%
12-8-16Marc Gasol
93.6%
1-25-17Marc Gasol
93.5%
4-1-17Blake Griffin
93.2%
2-26-17Blake Griffin
93.1%
2-8-17Blake Griffin
93%
11-6-16Devin Booker
91.6%
3-28-17C.J. McCollum
90.2%
2-7-17C.J. McCollum
90.1%
11-16-16Kristaps Porzingis
90%
12-13-16Kristaps Porzingis
90%
1-1-17C.J. McCollum
89.8%
1-4-17C.J. McCollum
89.8%
4-7-17Gordon Hayward
89.2%
2-9-17Gordon Hayward
88.6%
11-15-16D'Angelo Russell
86.2%
1-22-17Eric Bledsoe
82.7%
2-13-17Eric Bledsoe
82.3%
11-10-16Jabari Parker
72.6%
12-26-16Otto Porter
71.8%
4-12-17Aaron Gordon
70.8%
12-3-16Lou Williams
70.1%
12-9-16Lou Williams
70.1%
4-10-17Deron Williams
68.7%
12-14-16Aaron Gordon
67.4%
12-22-16Jeff Teague
64.4%
3-30-17Ricky Rubio
64.1%
4-11-17Buddy Hield
52.2%
3-16-17Will Barton
37.2%

You're not logged in!

Compare scores with friends on all Sporcle quizzes.
OR
Log In

You Might Also Like...

Show Comments

Extras

Top Quizzes Today


Score Distribution

Your Account Isn't Verified!

In order to create a playlist on Sporcle, you need to verify the email address you used during registration. Go to your Sporcle Settings to finish the process.

Report this User

Report this user for behavior that violates our Community Guidelines.

Details: